Lo económico y lo simbólico en el fútbol mercantilizado: una interpretación antropológica /
Αποθηκεύτηκε σε:
| Κύριος συγγραφέας: | |
|---|---|
| Μορφή: | Κείμενο |
| Ετικέτες: |
Προσθήκη ετικέτας
Δεν υπάρχουν, Καταχωρήστε ετικέτα πρώτοι!
|
MARC
| LEADER | 00000 a a2200000 04500 | ||
|---|---|---|---|
| 001 | 47838 | ||
| 003 | |||
| 040 | |||
| 100 | |a Sander Damo, Arlei | ||
| 245 | |a Lo económico y lo simbólico en el fútbol mercantilizado: |b una interpretación antropológica / |c Arlei Sander Damo | ||
| 773 | |g número160, (2012), páginas 71-106 | ||
| 999 | |c 39533 |d 39533 | ||
| 773 | 0 | |0 19554 |9 2020 |a FLACSO, Costa Rica |d San José, Costa Rica: FLACSO, |o 16120 |t Cuaderno de Ciencias Sociales / |x 14093677 | |
